[Event "COL-chT Liga Quintal"]
[Site "Barranquilla"]
[Date "2019.03.17"]
[Round "1.1"]
[White "Escobar Consuegra, Carolay"]
[Black "Villafane Gomez, Jaime"]
[Result "0-1"]
[WhiteElo "1281"]
[BlackElo "2016"]
[PlyCount "140"]
[EventDate "2019.03.17"]
[EventType "team-tourn"]
[EventRounds "7"]
[EventCountry "COL"]
[SourceTitle "EXT 2024"]
[Source "ChessBase"]
[SourceDate "2023.10.10"]
[SourceVersion "1"]
[SourceVersionDate "2023.10.10"]
[SourceQuality "1"]
[WhiteTeam "Americana Uni"]
[BlackTeam "Centro Ajedrez Bquilla"]
[WhiteTeamCountry "COL"]
[BlackTeamCountry "COL"]

1. e4 c5 2. Nf3 d6 3. d4 cxd4 4. Nxd4 Nf6 5. Nc3 a6 6. Be3 e6 7. Bd3 Be7 8. 0-0 Bd7 9. Re1 0-0 10. Nce2 Ng4 11. Ng3 Nxe3 12. Rxe3 Bf6 13. c3 g6 14. Nf3 Qc7 15. Qc2 Nc6 16. Rd1 Rfd8 17. h3 Rac8 18. a3 Be8 19. b4 Nd4 20. Nxd4 Bxd4 21. cxd4 Qxc2 22. Bxc2 Rxc2 23. e5 d5 24. Ne2 Ba4 25. Re1 Rdc8 26. Kh2 Rd2 27. Nc3 Bb5 28. a4 Bd7 29. b5 Rxd4 30. bxa6 bxa6 31. a5 Rc5 32. Ra1 Rd2 33. Re2 Rxe2 34. Nxe2 Rc2 35. Nd4 Rxf2 36. Rb1 Rf4 37. Rb7 Rxd4 38. Rxd7 Ra4 39. Rd6 Rxa5 40. Rd8+ Kg7 41. Ra8 d4 42. Rd8 Rd5 43. Rb8 d3 44. Rb1 d2 45. Rd1 a5 46. Kg1 a4 47. Kf2 a3 48. Kf1 a2 49. Kg1 a1Q 50. Rxa1 d1Q+ 51. Rxd1 Rxd1+ 52. Kf2 Rd5 53. Kf3 Rxe5 54. Kf4 Kf6 55. g4 g5+ 56. Kf3 h6 57. Kf2 Re4 58. Kf3 Ke5 59. Kf2 Kf4 60. Kg2 Re2+ 61. Kf1 Ra2 62. Ke1 Rh2 63. Kf1 Ke3 64. Kg1 Ra2 65. Kf1 Rb2 66. Kg1 Kf3 67. Kh1 Kg3 68. h4 gxh4 69. g5 hxg5 70. Kg1 Rb1# 0-1

[Event "COL-ch sf2 U18 Girls"]
[Site "Cartagena"]
[Date "2017.03.10"]
[Round "2.4"]
[White "Escobar Consuegra, Carolay"]
[Black "Manzano Gomez, Valentina"]
[Result "0-1"]
[WhiteElo "1298"]
[BlackElo "1410"]
[PlyCount "68"]
[EventDate "2017.03.09"]
[EventType "swiss"]
[EventRounds "5"]
[EventCountry "COL"]
[SourceTitle "EXT 2024"]
[Source "ChessBase"]
[SourceDate "2023.10.10"]
[SourceVersion "1"]
[SourceVersionDate "2023.10.10"]
[SourceQuality "1"]

1. e4 c5 2. Nf3 d6 3. d4 Nf6 4. Nc3 cxd4 5. Nxd4 Nc6 6. Be3 Ng4 7. Qd2 Nxe3 8. Qxe3 e6 9. Bb5 Bd7 10. 0-0-0 a6 11. Ba4 b5 12. Bb3 Be7 13. Kb1 b4 14. Nce2 Nxd4 15. Qxd4 e5 16. Qxb4 d5 17. Qc3 d4 18. Qf3 0-0 19. g4 a5 20. a3 Rb8 21. Qg3 Qb6 22. a4 Bxa4 23. Ka2 Bh4 24. Qf3 Bxf2 25. Nc1 Be3 26. Rd3 Bb5 27. Rhd1 a4 28. Bxa4 Bxa4 29. Rb3 Bxb3+ 30. Nxb3 Rfc8 31. Qe2 Qc6 32. Qd3 Qa4+ 33. Kb1 Ra8 34. Re1 Qa2# 0-1

[Event "COL-ch sf2 U16 Girls"]
[Site "Cartagena"]
[Date "2016.05.01"]
[Round "6.4"]
[White "Cardenas Herrera, Angela"]
[Black "Escobar Consuegra, Carolay"]
[Result "0-1"]
[WhiteElo "1550"]
[BlackElo "1461"]
[PlyCount "98"]
[EventDate "2016.04.28"]
[EventType "swiss"]
[EventRounds "6"]
[EventCountry "COL"]
[SourceTitle "EXT 2024"]
[Source "ChessBase"]
[SourceDate "2023.10.10"]
[SourceVersion "1"]
[SourceVersionDate "2023.10.10"]
[SourceQuality "1"]

1. e4 e6 2. Nf3 d5 3. Bd3 Nf6 4. e5 Nfd7 5. b3 Nc5 6. Be2 Nc6 7. d4 Ne4 8. h4 Bb4+ 9. Nbd2 Bd7 10. a3 Bc3 11. Rb1 0-0 12. Bb2 Bxb2 13. Rxb2 Nc3 14. Qc1 Nxe2 15. Kxe2 Ne7 16. b4 Nf5 17. Nb3 Nh6 18. Nc5 Bb5+ 19. Kd1 b6 20. Nb3 Rc8 21. c3 c5 22. dxc5 bxc5 23. bxc5 Qc7 24. Qc2 f6 25. exf6 Rxf6 26. Ng5 Nf5 27. g4 Rcf8 28. gxf5 Rxf5 29. Rf1 Qf4 30. Nh3 Qf3+ 31. Kc1 Bxf1 32. Nd4 Qxh3 33. Nxf5 Qxf5 34. Qxf5 Rxf5 35. Rb7 Rxf2 36. c6 e5 37. c7 Bh3 38. Rxa7 Rf4 39. h5 Rc4 40. Kd2 d4 41. cxd4 Rxd4+ 42. Ke3 Bf5 43. a4 Rd3+ 44. Ke2 e4 45. a5 Ra3 46. Ra8+ Kf7 47. a6 Bg4+ 48. Ke1 e3 49. a7 Ra1# 0-1

[Event "North Region-chB"]
[Site "Cartagena"]
[Date "2012.04.20"]
[Round "3.2"]
[White "Rosado Perez, Maria Jose"]
[Black "Escobar Consuegra, Carolay"]
[Result "1-0"]
[WhiteElo "1872"]
[BlackElo "1316"]
[PlyCount "37"]
[EventDate "2012.04.19"]
[EventType "swiss"]
[EventRounds "6"]
[EventCountry "COL"]
[SourceTitle "EXT 2024"]
[Source "ChessBase"]
[SourceDate "2023.10.10"]
[SourceVersion "1"]
[SourceVersionDate "2023.10.10"]
[SourceQuality "1"]

1. e4 e5 2. Nf3 Nc6 3. Bb5 Bc5 4. 0-0 Nf6 5. Re1 0-0 6. c3 d6 7. d4 Bb6 8. Bxc6 bxc6 9. dxe5 dxe5 10. Qxd8 Rxd8 11. Nxe5 Re8 12. Nxc6 Nxe4 13. Nd4 c5 14. Nd2 Bb7 15. Nxe4 Bxe4 16. Nb5 Rad8 17. Bf4 Rd7 18. Nd6 Rxd6 19. Bxd6 1-0